000 00377 a2200109 4500
001 ART_14018
005 20260410161915.0
008 260409a
245 1 0 _aDecadencia regional y declinación urbana en el interior argentino
100 1 _aRomero, Luis Alberto
773 0 _tRevista Paraguaya de Sociología
_g- Año 15, Nº 42/43 (mayo/dic. 1978)
_wREV13424
999 _c27145
_d27145